| 000 | 00941nam a22002778i 4500 | ||
|---|---|---|---|
| 999 |
_c27922 _d27893 |
||
| 001 | 018756531 | ||
| 003 | EG-ScBUE | ||
| 005 | 20191210103157.0 | ||
| 008 | 180216s2018 enka f 000 0 eng d | ||
| 020 |
_a9781108445665 (pbk.) : _c£25.00 |
||
| 040 |
_aStDuBDS _beng _erda _cStDuBDS _dEG-ScBUE |
||
| 082 | 0 | 4 |
_a372.4 _bBOD _222 |
| 100 | 1 |
_aBodman, Sue, _eauthor. |
|
| 245 | 1 | 0 |
_aConventional teaching and assessment guide / _cSue Bodman, Glen Franklin. |
| 264 | 1 |
_aCambridge, United Kingdom : _bCambridge University Press : _bUCL Institute of Education, _c2018. |
|
| 300 |
_a132 pages : _billustrations ; _c30 cm. |
||
| 336 |
_atext _2rdacontent _btxt |
||
| 337 |
_aunmediated _2rdamedia _bn |
||
| 338 |
_avolume _2rdacarrier _bnc |
||
| 490 | 0 | _aCambridge reading adventures | |
| 650 | 7 |
_aReading (Elementary) _2BUEsh |
|
| 653 |
_bHHUUEENN _cDecember2019 |
||
| 655 | _vReading book | ||
| 700 | 1 |
_aFranklin, Glen, _eauthor. |
|
| 942 |
_2ddc _cBB |
||